[Event "Angola vs Russia"]
[Site "http://www.queenalice.com/game.php?id=1409489"]
[Date "2016.2.15"]
[Round "-"]
[White "GEMAN"]
[Black "LoveChess"]
[Result "0-1"]
[WhiteElo "2345"]
[BlackElo "2826"]

1. e4 e5 2. Nf3 Nc6 3. Bb5 Nf6 4. d3 Bc5 5. c3 O-O 6. O-O Re8 7. Bg5 h6 8. Bh4
Be7 9. Nbd2 d6 10. Bg3 Nh5 11. d4 exd4 12. cxd4 Bd7 13. d5 Nxg3 14. hxg3 Ne5 15.
Bxd7 Nxd7 16. Qc2 Rc8 17. Rfe1 c6 18. dxc6 Rxc6 19. Qb3 Rb6 20. Qa3 d5 21. Qd3
Nc5 22. Qxd5 Rxb2 23. Rab1 Qxd5 24. exd5 Rxb1 25. Nxb1 Kf8 26. Nc3 Bf6 27. Ne2
Nd3 28. Rd1 Rxe2 29. Rxd3 Rxa2 30. d6 Ke8 31. Kf1 b5 32. Nh2 a5 33. d7+ Kd8 34.
Ng4 a4 35. f3 b4 36. Rd1 Ra1 37. Rxa1 Bxa1 38. Ne3 a3 39. Nc4 a2 40. Nd2 Be5 41.
Nb3 a1=Q+ 42. Nxa1 Bxa1 43. Ke2 b3 44. Kd1 Kxd7 45. Kc1 Ke6 46. Kb1 Bc3 47. Kc1
Ke5 48. Kb1 Kd4 49. f4 h5 50. g4 hxg4 0-1

[Event "AUTO-ELITE-1448"]
[Site "http://www.queenalice.com/game.php?id=1444681"]
[Date "2016.10.7"]
[Round "3"]
[White "nnetto"]
[Black "GEMAN"]
[Result "1-0"]
[WhiteElo "2329"]
[BlackElo "2343"]

1. e4 e5 2. Nf3 Nf6 3. Nxe5 Nxe4 4. Qe2 Qe7 5. Qxe4 f6 6. f4 fxe5 7. fxe5 d6 8.
d4 dxe5 9. dxe5 Nc6 10. Bf4 Qb4+ 11. Nd2 Qxb2 12. Rb1 Qd4 13. Bc4 Bc5 14. Rf1
Rf8 15. e6 Bb6 16. c3 Qxc3 17. Bb5 Qc5 18. Nc4 Rf6 19. Be3 Rxe6 20. Qxe6+ Bxe6
21. Bxc5 Bxc5 22. Na5 a6 23. Nxb7 axb5 24. Nxc5 Bxa2 25. Ra1 Ra5 26. Rf5 g6 27.
Rf6 Bd5 28. Rd1 Nb4 29. Rf4 Nc2+ 30. Ke2 c6 31. Rd2 Ra2 32. Ne4 Nd4+ 33. Ke1
Rxd2 34. Nf6+ Kf7 35. Nxd5+ Ke6 36. Kxd2 Kxd5 37. Rf7 b4 38. Rxh7 c5 39. Rb7 g5
40. Rg7 Ne6 41. Rb7 Nd4 42. Rg7 Ne6 43. Rb7 Nd4 44. g4 1-0

[Event "AUTO-ELITE-1448"]
[Site "http://www.queenalice.com/game.php?id=1444682"]
[Date "2016.10.7"]
[Round "3"]
[White "GEMAN"]
[Black "nnetto"]
[Result "0-1"]
[WhiteElo "2331"]
[BlackElo "2341"]

1. e4 c5 2. Nf3 d6 3. Nc3 d5 4. Nxd5 Nc6 5. Bb5 Bd7 6. O-O e6 7. Nc3 Rc8 8. d3
Qc7 9. Bc4 a6 10. a4 Bd6 11. Ne2 Nf6 12. Bg5 Ne5 13. Nxe5 Bxe5 14. f4 Bxb2 15.
Rb1 h6 16. Bh4 Bd4+ 17. Nxd4 cxd4 18. e5 Ne4 19. f5 O-O 20. f6 g6 21. Qf3 Nc3
22. Rxb7 Qc6 23. Qxc6 Bxc6 24. Rb6 Bxa4 25. Rxa6 Bxc2 26. Re1 Na4 27. Rd6 Nc5
28. Rxd4 Rfd8 29. Rd6 Bxd3 30. Bxd3 Nxd3 31. Rd1 Rxd6 32. exd6 Ne5 33. Rf1 Nd7
34. Bg3 e5 35. h3 e4 36. Bf2 Nxf6 37. Kh2 h5 38. Rb1 Rc6 39. Bg3 Rc5 40. Rd1 Nd7
41. Bf2 Rc3 42. Be1 e3 43. Bxc3 f5 44. Kg3 Kf7 0-1

[Event "AUTO-ELITE-1810"]
[Site "http://www.queenalice.com/game.php?id=1470713"]
[Date "2017.3.27"]
[Round "1"]
[White "GEMAN"]
[Black "hatu"]
[Result "1-0"]
[WhiteElo "2346"]
[BlackElo "2245"]

1. e4 c5 2. Nf3 d6 3. d4 cxd4 4. Nxd4 Nf6 5. Nc3 a6 6. Bg5 e6 7. f4 Be7 8. Qf3
Qc7 9. O-O-O Nbd7 10. g4 h6 11. Bxf6 Bxf6 12. h4 Qc5 13. Nb3 1-0

[Event "AUTO-ELITE-1810"]
[Site "http://www.queenalice.com/game.php?id=1470714"]
[Date "2017.3.27"]
[Round "1"]
[White "hatu"]
[Black "GEMAN"]
[Result "1-0"]
[WhiteElo "2236"]
[BlackElo "2355"]

1. e4 e5 2. Nf3 Nc6 3. Bb5 a6 4. Ba4 Nf6 5. O-O Be7 6. Re1 b5 7. Bb3 d6 8. c3
O-O 9. h3 Na5 10. Bc2 c5 11. d3 Nc6 12. Nbd2 Re8 13. Nf1 h6 14. Ng3 1-0

[Event "Challenge"]
[Site "http://www.queenalice.com/game.php?id=1478015"]
[Date "2017.5.13"]
[Round "-"]
[White "fontaine"]
[Black "GEMAN"]
[Result "1-0"]
[WhiteElo "2675"]
[BlackElo "2337"]

1. e4 c5 2. Nf3 d6 3. c3 Nf6 4. Be2 Nbd7 5. d3 g6 6. O-O Bg7 7. h3 O-O 8. c4 Nb8
9. Nc3 Qb6 10. Rb1 Nc6 11. a3 Bd7 12. b4 cxb4 13. Be3 Qc7 14. axb4 a5 15. bxa5
Nxa5 16. Qd2 Nc6 17. Rfc1 Rfb8 18. c5 Ne8 19. Nd5 Qd8 20. Nb6 Ra3 21. d4 dxc5
22. Bf4 cxd4 23. Nxd7 Qxd7 24. Rxc6 Qxc6 25. Bxb8 Qxe4 26. Re1 Qc6 27. Qb4 Ra8
28. Bb5 Qf6 29. Be5 Qb6 30. Bxg7 Qd6 31. Qxd6 Nxd6 32. Bh6 Nxb5 33. Rxe7 Nd6 34.
Nxd4 Ra1+ 35. Kh2 Ra8 36. Rd7 Ne4 37. Nf3 Nc5 38. Re7 b6 39. Ne5 Ne6 40. Nd7 Ng7
41. Nf6+ Kf8 42. Rb7 b5 43. Nxh7+ Kg8 44. Nf6+ Kf8 45. Rxb5 Ra2 46. Re5 Ra8 47.
Kg3 Ra3+ 48. Kg4 Ra8 49. Kg5 Rc8 50. h4 Rd8 51. f4 Rc8 52. g4 Rd8 53. f5 gxf5
54. gxf5 Ra8 55. h5 1-0

[Event "Challenge"]
[Site "http://www.queenalice.com/game.php?id=1478016"]
[Date "2017.5.13"]
[Round "-"]
[White "GEMAN"]
[Black "fontaine"]
[Result "0-1"]
[WhiteElo "2339"]
[BlackElo "2674"]

1. e4 c6 2. Bc4 d5 3. exd5 cxd5 4. Bb3 Nc6 5. d4 Bf5 6. Bf4 e6 7. f3 Nf6 8. Ne2
h6 9. O-O Rc8 10. Nbc3 Bh7 11. Bg3 Nh5 12. Bf2 Bd6 13. Nb5 Be7 14. Nbc3 O-O 15.
Be3 Na5 16. Nf4 Nxf4 17. Bxf4 Bf6 18. Rf2 Qb6 19. Rd2 Nc4 20. Bxc4 Rxc4 21. Ne2
e5 22. Bg3 exd4 23. Bf2 Qxb2 24. Rc1 Qxa2 25. Bxd4 Bxd4+ 26. Nxd4 Qa3 27. Qe1
Rfc8 28. Kh1 b6 29. Qf1 a5 30. Qd1 Qc5 31. h3 a4 32. Qg1 b5 33. f4 b4 34. f5 b3
35. Qd1 b2 36. Rb1 a3 37. Nb3 Qb6 38. Qh5 Rxc2 39. Rxc2 Rxc2 40. Qf3 a2 41. Rxb2
Rxb2 0-1

[Event "AUTO-ELITE-1810"]
[Site "http://www.queenalice.com/game.php?id=1491499"]
[Date "2017.8.24"]
[Round "2"]
[White "GEMAN"]
[Black "FabioDavid"]
[Result "0-1"]
[WhiteElo "2335"]
[BlackElo "2519"]

1. e4 Nc6 2. Nf3 d6 3. d4 Nf6 4. Nc3 Bg4 5. d5 Nb8 6. h3 Bxf3 7. Qxf3 g6 8. Bg5
Nbd7 9. O-O-O Bg7 10. Kb1 O-O 11. Bd2 Nc5 12. Bb5 Rc8 13. Be2 c6 14. Qf4 cxd5
15. exd5 Qb6 16. b3 e6 17. Bc4 e5 18. Qh4 a6 19. Rhe1 Qd8 20. g3 e4 21. a3 Re8
22. Rh1 b5 23. Be2 Qc7 24. Bxb5 axb5 25. Be1 Nd3 26. cxd3 Nxd5 27. Rc1 Nxc3+ 28.
Bxc3 Bxc3 29. f4 Qa5 30. Rh2 Qxa3 31. Rxc3 Rxc3 32. Rb2 exd3 33. g4 Rxb3 34.
Rxb3 Qxb3+ 35. Kc1 Qc2# 0-1

[Event "AUTO-ELITE-1810"]
[Site "http://www.queenalice.com/game.php?id=1491500"]
[Date "2017.8.24"]
[Round "2"]
[White "FabioDavid"]
[Black "GEMAN"]
[Result "1-0"]
[WhiteElo "2529"]
[BlackElo "2329"]

1. b3 e5 2. Bb2 Nc6 3. c4 g6 4. Nf3 Bg7 5. d3 d6 6. e4 Nf6 7. Be2 O-O 8. O-O Bh6
9. h3 Be6 10. Nc3 Re8 11. Nd5 Bd7 12. Qc2 Nxd5 13. cxd5 Nb4 14. Qc3 c5 15. a3
Na6 16. Nh2 Nc7 17. a4 Bf4 18. g3 Bh6 19. Ng4 Bg7 20. Kg2 f5 21. Ne3 Qe7 22. Nc4
Rab8 23. Qd2 b6 24. b4 Kh8 25. bxc5 bxc5 26. Bc3 Rf8 27. Rfb1 f4 28. Rxb8 Rxb8
29. gxf4 exf4 30. Bxg7+ Qxg7 31. Re1 Rf8 32. Qb2 Qxb2 33. Nxb2 Rb8 34. Nc4 Ne8
35. a5 Bc8 36. e5 dxe5 37. Bg4 Ba6 38. Nxe5 Nf6 39. d6 Kg7 40. d7 Kf8 41. Rb1
Rd8 42. Nc6 Rxd7 43. Bxd7 Nxd7 44. Rb3 Kg7 45. Nxa7 Kh6 46. Nb5 Bb7+ 47. Kf1 Kg7
48. Nc7 Bf3 49. a6 Bc6 50. a7 Kf6 51. Rb8 h5 52. a8=Q Bxa8 53. Rxa8 g5 54. Ke2
g4 55. hxg4 hxg4 56. Rg8 g3 57. fxg3 fxg3 58. Rxg3 Ne5 59. Nd5+ Kf7 60. Ne3 Ke7
61. Nc4 Nc6 62. Ke3 Kf6 63. Nd2 Ke6 64. Rg5 Ne7 65. Rxc5 Ng8 66. Ne4 Ne7 67. d4
Nd5+ 68. Kd3 Nf4+ 69. Kc4 Ng6 70. Rc6+ Kf7 71. Rxg6 Kxg6 72. Kc5 1-0

[Event "AUTO-ELITE-1972"]
[Site "http://www.queenalice.com/game.php?id=1524338"]
[Date "2018.4.20"]
[Round "1"]
[White "neza"]
[Black "GEMAN"]
[Result "0-1"]
[WhiteElo "2362"]
[BlackElo "2298"]

1. d4 Nf6 2. c4 e6 3. g3 d5 4. Bg2 Be7 5. Nf3 O-O 6. Nc3 dxc4 7. O-O Nc6 8. e3
Rb8 9. Qa4 Nb4 10. Qxa7 Bd7 11. Ne5 Nfd5 12. Qxb8 Qxb8 13. Nxd7 Qa7 14. Nxf8
Bxf8 15. Nxd5 exd5 16. Bd2 c6 17. a3 Nd3 18. Bc3 b6 19. Rfd1 Qd7 20. e4 h5 21.
exd5 cxd5 22. Bf1 Qf5 23. Bxd3 cxd3 24. Re1 Bd6 25. Re3 h4 26. Rd1 g6 27. Rdxd3
g5 28. Be1 Kf8 29. Rb3 Bf4 30. gxf4 Qxf4 31. Rxb6 Qg4+ 32. Kf1 Kg8 33. Rb4 Qd1
34. a4 Qa1 35. a5 Qc1 36. a6 Qc7 37. Ra3 Qa7 38. Rb7 Qxd4 39. a7 Qc4+ 40. Kg1
Qg4+ 41. Kf1 Qc4+ 42. Kg1 Qg4+ 43. Kf1 Qc4+ 44. Rd3 Qxd3+ 45. Kg1 Qd1 46. a8=Q+
Kg7 47. Qe8 Qg4+ 48. Kf1 Qh3+ 49. Ke2 Qg4+ 50. f3 Qc4+ 51. Kf2 Qf4 52. Kg1 Qf6
53. Bb4 Qxf3 54. Bc3+ d4 55. Bxd4+ Kg6 56. Qg8+ Kf5 57. Rxf7+ Ke4 58. Qe8+ Kxd4
59. Rxf3 g4 60. Qd7+ Ke4 0-1

[Event "AUTO-ELITE-1972"]
[Site "http://www.queenalice.com/game.php?id=1524339"]
[Date "2018.4.20"]
[Round "1"]
[White "GEMAN"]
[Black "neza"]
[Result "0-1"]
[WhiteElo "2296"]
[BlackElo "2341"]

1. e4 c5 2. Nf3 e6 3. d4 cxd4 4. Nxd4 Nf6 5. Nc3 Bb4 6. e5 Nd5 7. Bd2 Nxc3 8.
bxc3 Be7 9. Qg4 O-O 10. Bh6 g6 11. Bxf8 Bxf8 12. Be2 d6 13. Qg3 dxe5 14. Qxe5
Nd7 15. Qe3 Nf6 16. O-O Bd7 17. Rfd1 Nd5 18. Qf3 Qb8 19. Rab1 b6 20. c4 Nf4 21.
Bf1 Nh5 22. Nc6 Qe8 23. Rxd7 Qxd7 24. Ne7+ Bxe7 25. Qxa8+ Kg7 26. Qf3 Bc5 27.
Rd1 Qc7 28. g4 Nf4 29. Qe4 e5 30. c3 Qe7 31. Re1 Qf6 32. Qxe5 Bxf2+ 33. Kxf2
Nd3+ 34. Kg1 Nxe5 35. Be2 Qh4 36. Ra1 Nxg4 37. Bxg4 Qxg4+ 38. Kh1 Qxc4 39. Kg1
Qxc3 40. Rf1 f5 41. a4 Qd4+ 42. Rf2 f4 43. Kf1 Qxa4 44. Ke1 Qa3 45. Rc2 Qe3+ 46.
Re2 Qg1+ 47. Kd2 f3 48. Re7+ Kf6 49. Re1 f2 50. Rd1 f1=Q 51. Rxf1+ Qxf1 0-1

[Event "AUTO-ELITE-1972"]
[Site "http://www.queenalice.com/game.php?id=1540633"]
[Date "2018.8.30"]
[Round "2"]
[White "Kuarwaki"]
[Black "GEMAN"]
[Result "1-0"]
[WhiteElo "2747"]
[BlackElo "2334"]

1. d4 Nf6 2. Bg5 Ne4 3. Bf4 c5 4. f3 Qa5+ 5. c3 Nf6 6. d5 Qb6 7. Bc1 e6 8. e4
exd5 9. exd5 Be7 10. c4 d6 11. Nc3 Bd7 12. Bd3 Na6 13. Nge2 h5 14. a3 Nc7 15. b3
O-O-O 16. Be3 h4 17. b4 a6 18. O-O Qa7 19. Rb1 g6 20. h3 Kb8 21. Ne4 Nfe8 22.
bxc5 dxc5 23. d6 Bxd6 24. Bg5 Kc8 25. Bc2 Bf8 26. Bxd8 Kxd8 27. Qd2 f5 28. Ng5
Kc8 29. Rfd1 Nf6 30. Nf4 Nce8 31. Nxg6 Bg7 32. Ne7+ Kd8 33. Qe1 Rf8 34. Ba4 Qa8
35. Bxd7 Nxd7 36. Ne6+ Kxe7 37. Nxg7+ Kd8 38. Ne6+ Kc8 39. Nxf8 Nc7 40. Nxd7 b5
41. Nb6+ Kb7 42. Nxa8 Nxa8 43. Rd7+ Nc7 44. Qa5 1-0

[Event "AUTO-ELITE-1972"]
[Site "http://www.queenalice.com/game.php?id=1540634"]
[Date "2018.8.30"]
[Round "2"]
[White "GEMAN"]
[Black "Kuarwaki"]
[Result "1/2-1/2"]
[WhiteElo "2323"]
[BlackElo "2738"]

1. e4 e5 2. Nf3 Nc6 3. Bb5 a6 4. Ba4 Nf6 5. O-O Be7 6. Qe2 b5 7. Bb3 O-O 8. d4
Nxd4 9. Nxd4 exd4 10. e5 Ne8 11. c3 c5 12. cxd4 cxd4 13. Qe4 Qb6 14. Bxf7+ Kxf7
15. Qd5+ Kg6 16. Qe4+ Kf7 17. Qd5+ Kg6 18. Qe4+ Kf7 19. Qd5+ 1/2-1/2

[Event "AUTO-ELITE-2125"]
[Site "http://www.queenalice.com/game.php?id=1573947"]
[Date "2019.6.10"]
[Round "1"]
[White "GEMAN"]
[Black "hepre"]
[Result "1-0"]
[WhiteElo "2361"]
[BlackElo "2227"]

1. e4 c5 2. d3 d6 3. Nf3 Nf6 4. g3 g6 5. Bg2 Bg7 6. O-O Nc6 7. c3 O-O 8. Nbd2
Rb8 9. a4 a6 10. Re1 Be6 11. Ng5 Bd7 12. Nc4 b5 13. axb5 axb5 14. Ne3 1-0

[Event "AUTO-ELITE-2125"]
[Site "http://www.queenalice.com/game.php?id=1573948"]
[Date "2019.6.10"]
[Round "1"]
[White "hepre"]
[Black "GEMAN"]
[Result "0-1"]
[WhiteElo "2235"]
[BlackElo "2353"]

1. e4 e5 2. c3 Nf6 3. Nf3 Nxe4 4. d3 Nf6 5. Nxe5 Qe7 6. Qe2 d6 7. Nf3 Nc6 8. Be3
Nd5 9. Nbd2 Bd7 10. Nc4 b5 11. Na3 Rb8 12. Nc2 g6 13. Bg5 Qxe2+ 14. Bxe2 Bg7 0-1